000 01017ngm a22003250a 4500
001 PT16746
003 AR-LpoUNG
005 20210202000238.0
007 vd cvaizq
008 191001s1989||||ag |||||||||||||||||spa d
037 _c$8.3
040 _aAR-LpoUNG
_bspa
_cAR-LpoUNG
_eaacr
044 _aag
082 0 _a302.5 941ult
100 1 _aSubiela, Eliseo
_edir.
245 1 0 _aUltimas imágenes del naufragio
260 _aSan Luis :
_bTranseuropa Video Entertainment,
_c[1989].
300 _aVHS (125 min.) : son., col.
505 0 _aMúsica: Pedro Aznar .
520 _aUn escritor frustrado, salva a una mujer del suicidio, esto transformará su vida, al utilizar esta historia en su novela e involucrarse con la mujer y su familia.
650 4 _aARGENTINA
650 4 _aSOCIEDAD
651 4 _aArgentina
653 _aCINE ARGENTINO
653 _aVIDEOS
710 2 _aCinequanon Argentina (firma comercial)
710 2 _aTelevisión Española (Madrid)
905 _a16746
942 _cVIDEO
999 _c54442
_d54442